| 000 | 01397nab a2200241 i 4500 | ||
|---|---|---|---|
| 001 | 768714001 | ||
| 003 | CO-MdFUSB | ||
| 005 | 20240626082819.0 | ||
| 008 | 240626t1987 us ||||| |||| 00| 0 eng d | ||
| 040 |
_bspa _cCO-MdFUSB _dCO-MdFUSB |
||
| 041 | _aeng | ||
| 100 |
_aScherer, James A., _eautor |
||
| 245 |
_aMissiology as a discipline and what it includes _c/ James A. Scherer |
||
| 520 | _aEsta presentación realizada en la Reunión Anual de la APM de 1987 busca responder a la pregunta de “qué es la misionología” y “qué incluye”. Reflexiona sobre las diversas formas y perspectivas interdisciplinarias desde las cuales se puede enseñar la misionología y apoya la noción de que la misionología en Estados Unidos hoy debe ser integradora y complementaria, al mismo tiempo que define sus propias normas esenciales. El estudio no puede llegar a una definición totalmente acordada de qué es la misionología, debido al cambio y al pluralismo. | ||
| 546 | _aTexto en inglés. | ||
| 650 | 0 |
_aMisiones _9154 |
|
| 650 | 7 |
_aTeología de la liberación _9449 |
|
| 650 | 7 |
_aCiencias sociales _xEstudio y enseñanza _97080 |
|
| 653 | _aMisionología - Estados Unidos | ||
| 773 | 0 |
_049486 _982794 _d Pasadena _oR2669 _tMissiology: _w(CO-MdFUSB)97 _gVolumen 15 (número 4, 1987) páginas: 507 - 522 _qpágina: 507 |
|
| 942 | _cANA | ||
| 945 | _aCatherine Arias Álvarez - Practicante SENA | ||
| 999 |
_c70345 _d70345 |
||